El tiempo Mientras Tanto (Registro nro. 15379)

000 -CABECERA
campo de control de longitud fija 01524nam a22002297a 4500
003 - IDENTIFICADOR DEL NÚMERO DE CONTROL
campo de control OSt
005 - FECHA Y HORA DE LA ÚLTIMA TRANSACCIÓN
campo de control 20240412172149.0
008 - DATOS DE LONGITUD FIJA--INFORMACIÓN GENERAL
campo de control de longitud fija 240412b ||||| |||| 00| 0 spa d
020 ## - NÚMERO INTERNACIONAL ESTÁNDAR DEL LIBRO
Número Internacional Estándar del Libro 9788408097266
040 ## - FUENTE DE LA CATALOGACIÓN
Centro/agencia transcriptor CO- Mq BPB
082 ## - NÚMERO DE LA CLASIFICACIÓN DECIMAL DEWEY
Número de clasificación AN
Número de documento/Ítem AMOe
100 ## - ENTRADA PRINCIPAL--NOMBRE DE PERSONA
Nombre de persona Amoraga, Carmen
Término indicativo de función/relación Autor
245 ## - MENCIÓN DE TÍTULO
Título El tiempo Mientras Tanto
264 ## - PRODUCCIÓN, PUBLICACIÓN, DISTRIBUCIÓN, FABRICACIÓN Y COPYRIGHT
Producción, publicación, distribución, fabricación y copyright Barcelona (España)
Nombre del de productor, editor, distribuidor, fabricante Editorial Planeta
Fecha de producción, publicación, distribución, fabricación o copyright 2010
300 ## - DESCRIPCIÓN FÍSICA
Extensión 297 Páginas
Otras características físicas Tapa rustica
Dimensiones 23 cm
490 ## - MENCIÓN DE SERIE
Mención de serie Finalista Premio Planeta 2010
521 ## - NOTA DE PÚBLICO DESTINATARIO
Nota de público destinatario Una gran novela de vidas cruzadas.<br/><br/>Son muchas las mujeres que esperan vivir una vida de novela: la que se casa aunque sueña con reencontrarse con el amor de su vida al doblar la esquina; la niña que crece esperando que su vecino se fije en ella, y la convencida de que su conquista cruzará un océano para buscarla.<br/><br/>Ésta es la novela de María José, que sufre un accidente justo cuando ha recuperado el control de su vida. Y la novela de su madre, tan parecidas sin quererlo. Y también la de Marga, su amiga, que sueña por las dos. Y la de Fermín, Paco y Joaquín. Es la historia de todas esas personas, unidos por lazos de amistad, de amor o de familia, y que a pesar de ello se convierten en desconocidos. Sólo una mirada desde la distancia los ayuda a recomponer su propio mapa vital. Carmen Amoraga ha escrito una novela inolvidable.
521 ## - NOTA DE PÚBLICO DESTINATARIO
Nota de público destinatario Recomendado para público adulto
650 ## - PUNTO DE ACCESO ADICIONAL DE MATERIA--TÉRMINO DE MATERIA
Término de materia o nombre geográfico como elemento de entrada Ficción Moderna Y Contemporánea
650 ## - PUNTO DE ACCESO ADICIONAL DE MATERIA--TÉRMINO DE MATERIA
Término de materia o nombre geográfico como elemento de entrada Autores Españoles e Iberoamericanos
942 ## - ELEMENTOS DE PUNTO DE ACCESO ADICIONAL (KOHA)
Fuente del sistema de clasificación o colocación
Tipo de ítem Koha Libro Literatura
Existencias
Estado de retiro Estado de pérdida Fuente del sistema de clasificación o colocación Estado dañado No para préstamo Código de colección Localización permanente Ubicación/localización actual Ubicación en estantería Fecha de adquisición Fuente de adquisición Número de inventario Total de préstamos Renovaciones totales Signatura topográfica completa Código de barras Fecha visto por última vez Fecha del último préstamo Número de copia Precio válido a partir de Tipo de ítem Koha Nota pública
          Literatura Adulto Biblioteca Pública San Juan Bosco Biblioteca Pública San Juan Bosco Literatura 12/04/2024 Donación NT 1 1 AN AMOe MOS503584 15/01/2025 06/12/2024 Ej.1 12/04/2024 Libro Literatura Quince dias

© Todos los derechos reservados para la Biblioteca Pública Municipal San Juan Bosco, 2020
Secretaria de Cultura de Mosquera
Carrera 3 N° 10 Esquina Centro Cultural Barrio El Carmén Teléfono: 8270830 Ext: 34
Funcionando con KOHA
Contacto: Biblioteca Pública Municipal San Juan Bosco/ bibliotecasanjuanbosco@mosquera-cundinamarca.gov.co
Mosquera, Cundinamarca